|
|
|
|
| LEADER |
00715nab#a2200277#ar4500 |
| 001 |
000059921 |
| 003 |
SVKKK |
| 005 |
20060622132157.0 |
| 008 |
060622c2005 xo e cze |
| FMT |
|
|
|
| 038 |
|
|
|a SVKKK
|
| 040 |
|
|
|a SVKKK
|b slo
|e AACR2
|
| 041 |
0 |
|
|a cze
|
| 044 |
|
|
|a xo
|c SK
|
| 080 |
|
|
|a 681.785.23
|2 1997
|
| 100 |
1 |
|
|a Ševčík, Jan
|4 aut
|
| 245 |
1 |
0 |
|a Skutečně kvalitní spektrometry pro slévárny a hutě
|c Jan Ševčík
|
| 300 |
|
|
|b Fotogr., obr.
|
| 610 |
2 |
4 |
|a BAS
|x firma (Rudice, Česko)
|x spektometre
|
| 650 |
0 |
4 |
|a spektrometre
|
| 773 |
0 |
|
|t Slévárenství
|x 0037-6825
|g Roč. 54, č. 2-3 (2006), s. 81-82
|
| 974 |
|
|
|a MI
|
| 992 |
|
|
|a RBX
|
| BAS |
|
|
|
| 852 |
|
|
|a SVKKK
|b BIB
|
| 998 |
|
|
|a HUT
|